Sinopsis estadística y jeográfica de la República de Chile en 1894

Uloženo v:
Podrobná bibliografie
Korporativní autor: Oficina Central de Estadísticas (Autor)
Médium: Kniha
Jazyk:španělština
Vydáno: Valparaíso La Patria 1895
Témata:
Tagy: Přidat tag
Žádné tagy, Buďte první, kdo vytvoří štítek k tomuto záznamu!

MARC

LEADER 00000nam a2200000 a 4500
001 UCO4186
003 CL-VaPUC
008 000728e18950000CL |||||||||||||||||spa|d
082 0 4 |a 310.983  |b OFI  |2 21 
110 2 |a Oficina Central de Estadísticas  |e author  |9 448394 
245 1 0 |a Sinopsis estadística y jeográfica de la República de Chile en 1894 
300 |a 212 p 
942 |c BK 
945 |d 20000728 00:00:00  |a crobeson 
260 |a Valparaíso  |b La Patria  |c 1895 
650 0 |a Estadísticas  |9 258644 
650 0 |a Demografía   |9 260008 
650 7 |a POBLACION 1894  |2 CL-VaPUC  |9 448395 
651 7 |a CHILE  |2 CL-VaPUC  |9 448396 
583 |a last modification  |c 20000728 00:00:00  |k Rodrigo Vera 
999 |c 290252  |d 290250 
952 |0 0  |1 0  |4 0  |6 310_983000000000000_OFI_1895  |7 0  |8 X  |9 339576  |a BIBHIS  |b BIBHIS  |d 2019-11-20  |i 1211641  |l 1  |m 10  |o 310.983 OFI 1895  |p 1211641  |q 2025-07-11  |r 2023-08-14  |s 2023-08-14  |w 2019-11-20  |y BK_X  |k HIS